000 00306nam a22001337a 4500
008 170204b xxu||||| |||| 00| 0 eng d
020 _a9780763729523
041 _aeng
080 _24TH
_a61
100 _a3
101 _aSHM
245 _aESSENTIAL CONCEPTS OF HEALTHY LIVING
_cALTERS, S
942 _2udc
_cBK
999 _c4660
_d4660